All Countries Ranked by Democracy Index - Statistics

General Stats
  • This quiz has been taken 287 times
    266 since last reset
  • The average score is 32 of 167
Answer Stats
Country Ranking Regime Type % Correct
Norway 9.81 Full Democracy
96%
Iceland 9.37 Full Democracy
94%
Sweden 9.26 Full Democracy
88%
New Zealand 9.25 Full Democracy
69%
Finland 9.20 Full Democracy
65%
Canada 9.24 Full Democracy
63%
Denmark 9.15 Full Democracy
63%
Ireland 9.05 Full Democracy
62%
Switzerland 8.83 Full Democracy
60%
Germany 8.67 Full Democracy
58%
United Kingdom 8.54 Full Democracy
58%
Australia 8.96 Full Democracy
56%
Austria 8.16 Full Democracy
56%
Luxembourg 8.68 Full Democracy
54%
Netherlands 8.96 Full Democracy
54%
North Korea 1.08 Authoritarian
50%
United States 7.92 Flawed Democracy
48%
Japan 8.13 Full Democracy
46%
Spain 8.12 Full Democracy
46%
France 7.99 Flawed Democracy
44%
Portugal 7.90 Flawed Democracy
44%
Italy 7.74 Flawed Democracy
42%
South Korea 8.01 Full Democracy
42%
Taiwan 8.94 Full Democracy
42%
Uruguay 8.61 Full Democracy
42%
Belgium 7.51 Flawed Democracy
40%
Slovenia 7.54 Flawed Democracy
40%
Costa Rica 8.16 Full Democracy
38%
Chile 8.28 Full Democracy
37%
Israel 7.84 Flawed Democracy
37%
Estonia 7.84 Flawed Democracy
35%
Czech Republic 7.67 Flawed Democracy
33%
Latvia 7.24 Flawed Democracy
33%
Malta 7.68 Flawed Democracy
33%
Greece 7.39 Flawed Democracy
31%
Lithuania 7.13 Flawed Democracy
29%
Cyprus 7.56 Flawed Democracy
27%
Democratic Republic of the Congo 1.13 Authoritarian
27%
Mauritius 8.14 Full Democracy
27%
Turkmenistan 1.72 Authoritarian
27%
Poland 6.85 Flawed Democracy
25%
Syria 1.43 Authoritarian
25%
China 2.27 Authoritarian
23%
Slovakia 6.97 Flawed Democracy
23%
Central African Republic 1.32 Authoritarian
21%
Argentina 6.95 Flawed Democracy
19%
Botswana 7.62 Flawed Democracy
19%
Chad 1.55 Authoritarian
19%
Eritrea 2.15 Authoritarian
19%
Hungary 6.56 Flawed Democracy
19%
Iran 2.20 Authoritarian
19%
Panama 7.18 Flawed Democracy
19%
Saudi Arabia 2.08 Authoritarian
19%
Brazil 6.92 Flawed Democracy
17%
Croatia 6.50 Flawed Democracy
17%
India 6.61 Flawed Democracy
17%
Yemen 1.95 Authoritarian
17%
Belarus 2.59 Authoritarian
15%
Libya 1.95 Authoritarian
15%
Romania 6.40 Flawed Democracy
15%
South Africa 7.05 Flawed Democracy
15%
Azerbaijan 2.68 Authoritarian
13%
Bahrain 2.49 Authoritarian
13%
Bulgaria 6.71 Flawed Democracy
13%
Burundi 2.14 Authoritarian
13%
Equatorial Guinea 1.92 Authoritarian
13%
Malaysia 7.19 Flawed Democracy
13%
Mexico 6.07 Flawed Democracy
13%
Russia 3.31 Authoritarian
13%
Sudan 2.54 Authoritarian
13%
Tajikistan 1.94 Authoritarian
13%
United Arab Emirates 2.70 Authoritarian
13%
Afghanistan 2.85 Authoritarian
12%
Albania 6.08 Flawed Democracy
12%
Cape Verde 7.65 Flawed Democracy
12%
Colombia 7.04 Flawed Democracy
12%
Cuba 2.84 Authoritarian
12%
Ecuador 6.13 Flawed Democracy
12%
Indonesia 6.30 Flawed Democracy
12%
Jamaica 7.13 Flawed Democracy
12%
Kuwait 3.80 Authoritarian
12%
Kyrgyzstan 4.21 Hybrid Regime
12%
Laos 1.77 Authoritarian
12%
Moldova 5.78 Hybrid Regime
12%
Mongolia 6.48 Flawed Democracy
12%
Montenegro 5.77 Hybrid Regime
12%
Namibia 6.52 Flawed Democracy
12%
Paraguay 6.18 Flawed Democracy
12%
Singapore 6.03 Flawed Democracy
12%
Trinidad and Tobago 7.16 Flawed Democracy
12%
Ukraine 5.81 Hybrid Regime
12%
Cambodia 3.10 Authoritarian
10%
Dominican Republic 6.32 Flawed Democracy
10%
Egypt 2.93 Authoritarian
10%
Georgia 5.31 Hybrid Regime
10%
Ghana 6.50 Flawed Democracy
10%
Iraq 3.62 Authoritarian
10%
Kazakhstan 3.14 Authoritarian
10%
Mauritania 3.92 Authoritarian
10%
North Macedonia 5.89 Hybrid Regime
10%
Peru 6.53 Flawed Democracy
10%
Qatar 3.24 Authoritarian
10%
Serbia 6.22 Flawed Democracy
10%
Sri Lanka 6.14 Flawed Democracy
10%
Thailand 6.04 Flawed Democracy
10%
Tunisia 6.59 Flawed Democracy
10%
Turkey 4.48 Hybrid Regime
10%
Uzbekistan 2.12 Authoritarian
10%
Vietnam 2.94 Authoritarian
10%
Zimbabwe 3.16 Authoritarian
10%
Angola 3.66 Authoritarian
8%
Armenia 5.35 Hybrid Regime
8%
Bosnia and Herzegovina 4.84 Hybrid Regime
8%
Burkina Faso 3.73 Authoritarian
8%
El Salvador 5.90 Hybrid Regime
8%
Ethiopia 3.38 Authoritarian
8%
Guatemala 4.97 Hybrid Regime
8%
Jordan 3.62 Authoritarian
8%
Lebanon 4.16 Hybrid Regime
8%
Mali 3.93 Authoritarian
8%
Mozambique 3.51 Authoritarian
8%
Myanmar 3.04 Authoritarian
8%
Niger 3.29 Authoritarian
8%
Oman 3.00 Authoritarian
8%
Philippines 6.56 Flawed Democracy
8%
Suriname 6.82 Flawed Democracy
8%
Timor-Leste 7.06 Flawed Democracy
8%
Venezuela 2.76 Authoritarian
8%
Algeria 3.77 Authoritarian
6%
Bangladesh 5.99 Hybrid Regime
6%
Bhutan 5.71 Hybrid Regime
6%
Bolivia 5.08 Hybrid Regime
6%
Djibouti 2.71 Authoritarian
6%
Gabon 3.54 Authoritarian
6%
Guyana 6.01 Flawed Democracy
6%
Honduras 5.36 Hybrid Regime
6%
Kenya 5.05 Hybrid Regime
6%
Lesotho 6.30 Flawed Democracy
6%
Madagascar 5.70 Hybrid Regime
6%
Morocco 5.04 Hybrid Regime
6%
Nepal 5.22 Hybrid Regime
6%
Nicaragua 3.60 Authoritarian
6%
Pakistan 4.31 Hybrid Regime
6%
Papua New Guinea 6.10 Flawed Democracy
6%
Republic of the Congo 3.11 Authoritarian
6%
Rwanda 3.10 Authoritarian
6%
Senegal 5.67 Hybrid Regime
6%
Tanzania 5.10 Hybrid Regime
6%
Togo 2.80 Authoritarian
6%
Benin 4.58 Hybrid Regime
4%
Cameroon 2.77 Authoritarian
4%
Eswatini 3.08 Authoritarian
4%
Fiji 5.72 Hybrid Regime
4%
Gambia 4.49 Hybrid Regime
4%
Guinea 3.08 Authoritarian
4%
Guinea-Bissau 2.63 Authoritarian
4%
Haiti 4.22 Hybrid Regime
4%
Hong Kong 5.57 Hybrid Regime
4%
Ivory Coast 4.11 Hybrid Regime
4%
Malawi 5.74 Hybrid Regime
4%
Nigeria 4.10 Hybrid Regime
4%
Palestine 3.83 Authoritarian
4%
Sierra Leone 4.86 Hybrid Regime
4%
Uganda 4.94 Hybrid Regime
4%
Zambia 4.86 Hybrid Regime
4%
Comoros 3.09 Authoritarian
2%
Liberia 5.32 Hybrid Regime
2%
No matching quizzes found
Score Distribution
Percent of People with Each Score
Percentile by Number Answered
Your Score History
You have not taken this quiz since the last reset